Modeling dynamic economic systems
Uložené v:
| Hlavní autori: | , |
|---|---|
| Médium: | Kniha |
| Jazyk: | Slovak |
| Vydavateľské údaje: |
New York :
Springer Verlag,
1997
|
| Predmet: | |
| Tagy: |
Žiadne tagy, Buďte prvý, kto otaguje tento záznam!
|
MARC
| LEADER | 00000nam a22000003a 4500 | ||
|---|---|---|---|
| 001 | stu25399 | ||
| 005 | 20150617225701.0 | ||
| 008 | 980407s1997------------------------slo-d | ||
| 020 | |a 0-387-94849-X | ||
| 040 | |a STU |b slo | ||
| 041 | 0 | |a slo | |
| 080 | |a 519.86 | ||
| 084 | |a C1220 |2 INS | ||
| 084 | |a C1290D |2 INS | ||
| 100 | 1 | |a Ruth, Matthias |4 aut | |
| 245 | 1 | |a Modeling dynamic economic systems | |
| 260 | |a New York : |b Springer Verlag, |c 1997 | ||
| 300 | |a 339 s., CD-ROM | ||
| 650 | 7 | |a ekonomika |2 stusub | |
| 650 | 7 | |a dynamické systémy |2 stusub | |
| 650 | 7 | |a matematické modelovanie |2 stusub | |
| 650 | 7 | |a dynamické modelovanie |2 stusub | |
| 700 | 1 | |a Hannon, Bruce |4 aut | |
| 996 | |b E81904 |c R*81904 |l RRUM |s A |a 24 |w stu25399_0001 | ||